000 00337nam a22001337a 4500
020 _a812241804
082 _222
_a627
100 _aAsawa, G. L.
245 _aLaboratory work in hydraulic engineering /
250 _aNA
260 _aNew Delhi,
_bNew Age International.
_cc2006.
300 _ax,193 p. ;
_bill. ;
_c24 cm.
942 _2ddc
_cCIVIL
999 _c946
_d946